[Event "Vellmar op-B 4th"]
[Site "Vellmar"]
[Date "2012.07.26"]
[Round "1"]
[White "Eick, Holger"]
[Black "Haug, Harald"]
[Result "0-1"]
[WhiteElo "1473"]
[BlackElo "1828"]
[PlyCount "78"]
[EventDate "2012.07.26"]
[EventType "swiss"]
[EventRounds "7"]
[EventCountry "GER"]
[SourceTitle "EXT 2015"]
[Source "ChessBase"]
[SourceDate "2014.11.20"]
[SourceVersion "1"]
[SourceVersionDate "2014.11.20"]
[SourceQuality "1"]

1. d4 d6 2. Nf3 g6 3. e4 Nf6 4. Nc3 Bg7 5. Bd3 0-0 6. 0-0 Nc6 7. h3 e5 8. Be3 Nh5 9. d5 Ne7 10. Qd2 f5 11. Bh6 f4 12. Bxg7 Kxg7 13. Ne2 h6 14. Kh2 g5 15. g4 fxg3+ 16. fxg3 Ng6 17. Qe1 g4 18. Nfg1 Rxf1 19. Qxf1 gxh3 20. Nxh3 Nf6 21. Nf2 Qe7 22. Ng1 Bd7 23. Be2 Rf8 24. Qg2 Kh7 25. Ngh3 Rg8 26. Qf1 Qg7 27. Qg1 Bc8 28. g4 Nf4 29. Nxf4 exf4 30. Rf1 Nxg4+ 31. Bxg4 Bxg4 32. Nxg4 Qxg4 33. Qxg4 Rxg4 34. Kh3 h5 35. c4 Kg6 36. Rf2 Kf6 37. b4 Ke5 38. Re2 f3 39. Rf2 Kxe4 0-1